| 000 | 00342nam a22001337a 4500 | ||
|---|---|---|---|
| 005 | 20200619135753.0 | ||
| 008 | 200619b xxu||||| |||| 00| 0 eng d | ||
| 082 | _a345.4 LIC | ||
| 110 |
_aALL INDIA REPORTER _96218 |
||
| 245 | _aLABOUR AND INDUSTRIAL CASES [1968]INDEX TO JOURNAL SEC | ||
| 300 | _a896P. | ||
| 650 |
_aLAW _95701 |
||
| 942 | _cJRL | ||
| 999 |
_c7314 _d7312 |
||